獵命師傳奇

資料類型: Book 圖書   書目號:35995

Leader xxxxxxxxxx
001 __ PCLIS00035995
005 __ 20230301150758.0
009 __ |a(CIP)94002005
009 __ |a(CIP)96025712
010 0_ |a986-7450-20-5|b卷一 : 平裝|dNT$180
010 0_ |a986-7450-21-3|b卷二 : 平裝|dNT$180
010 0_ |a986-7450-28-0|b卷三 : 平裝|dNT$180
010 0_ |a986-7450-29-9|b卷四 : 平裝|dNT$180
010 0_ |a986-7450-36-1|b卷五 : 平裝|dNT$180
010 0_ |a986-7450-37-X|b卷六 : 平裝|dNT$180
010 0_ |a986-7450-49-3|b卷七 : 平裝|dNT$180
010 0_ |a986-7450-50-7|b卷八 : 平裝|dNT$180
010 0_ |a978-986-7450-70-8|b卷九 : 平裝|dNT$180
010 0_ |a986-7450-70-1|b卷九 : 平裝|dNT$180
010 0_ |a978-986-7450-71-5|b卷十 : 平裝|dNT$180
010 0_ |a986-7450-71-X|b卷十 : 平裝|dNT$180
010 0_ |a978-986-7450-94-4|b卷十一 : 平裝|dNT$180
010 0_ |a978-986-6815-03-4|b卷十二 : 平裝|dNT$180
010 0_ |a978-986-6815-44-7|b卷十三 : 平裝|dNT$199
010 0_ |a978-986-6815-74-4|b卷十四 : 平裝|dNT$199
010 0_ |a978-986-6473-29-6|b卷十五 : 平裝|dNT$199
010 0_ |a978-986-6473-52-4|b卷十六 : 平裝|dNT$199
010 0_ |a978-986-6157-12-7|b卷十七 : 平裝|dNT$199
010 0_ |a978-986-6157-43-1|b卷十八 : 平裝|dNT$199
010 0_ |a978-986-3190-04-2|b卷十九 : 平裝|dNT$199
010 0_ |a978-986-3190-63-9|b卷二十 : 平裝|dNT$250
050 __ |a101659158
100 __ |a20051021g20052013m  y0chiy09      e
101 0_ |achi
102 __ |atw
105 __ |aaf  z   000ad
200 1_ |a獵命師傳奇|dFateHunter|zeng|f九把刀(Giddens)著
205 __ |a初版
210 __ |a臺北市|c蓋亞文化|d2005-2013[民94-102]
215 0_ |a20冊|c部分彩圖|d20公分
225 1_ |a悅讀館|vRE001,011-019,081-090
225 2_ |a獵命師傳奇系列
410 _0 |a12001 |a獵命師傳奇系列
510 1_ |aFateHunter|zeng
681 __ |a857.7|b8656
681 __ |a857.83|b8656
687 __ |d857.7|e0064-I-2
681 __ |a857.83|b4051-2
700 _0 |a九把刀|c(Giddens, 1978-  )|4770 _0 |aGiddens
801 _0 |acw|bCCU|c20051021|gCCR
801 _0 |atw|b內湖高中|c20060508|gCCR
801 _0 |atw|b陽明|c20071128|gCCR
801 _2 |atw|b內湖高中|c20230301|gCCR
  
詳細館藏 1-10 筆 (共 21 筆)
索 書 號登 錄 號冊次號館別 / 館藏地流通類型狀態加入預約清單電子資源
857.83 / 8656 1015320 v1 圖書館 / 一樓普通區 可外借30天 在館   
857.83 / 8656 1015321 v2 圖書館 / 一樓普通區 可外借30天 在館   
857.83 / 8656 1015322 v3 圖書館 / 一樓普通區 可外借30天 在館   
857.83 / 8656 1015324 v5 圖書館 / 一樓普通區 可外借30天 在館   
857.83 / 8656 1015325 v6 圖書館 / 一樓普通區 可外借30天 在館   
857.83 / 8656 1015326 v7 圖書館 / 一樓普通區 可外借30天 在館   
857.83 / 8656 1017791 v15 圖書館 / 一樓普通區 可外借30天 在館   
857.83 / 8656 1018428 v14 圖書館 / 一樓普通區 可外借30天 在館   
857.83 / 8656 1018429 v4 圖書館 / 一樓普通區 可外借30天 在館   
857.83 / 8656 1019388 v.17 圖書館 / 一樓普通區 可外借30天 在館   

切換至館藏 第 1, 2, 3

| 條列資料




目錄查詢 分類查詢 個人資料 圖書薦購 新書查詢 閉館日 排行榜 更多電子資源 Hami書城 線上資料庫 登出

From : 216.73.217.87

  本日流通累計至 20:12:09 借閱 : 1 次 續借 : 0 次 歸還 : 2 次 預約 : 0 次 電子資源 : 0 次


內湖高中圖書館  PCLIS 版本  26.5.0.12